Los romances de América y otros estudios
Gardado en:
| Formato: | Libro |
|---|---|
| Idioma: | Lingua castelá |
| Publicado: |
Madrid
Espasa-Calpe
1972
|
| Edición: | 7a. ed |
| Series: | Colección Austral, 55
|
| Subjects: | |
| Tags: |
Engadir etiqueta
Sen Etiquetas, Sexa o primeiro en etiquetar este rexistro!
|
MARC
| LEADER | 00000nam a2200000 a 4500 | ||
|---|---|---|---|
| 001 | UCO5499 | ||
| 003 | CL-VaPUC | ||
| 005 | 20211126074100.0 | ||
| 008 | 000901e19720000SP |||||||||||||||||spa|d | ||
| 999 | |c 291357 |d 291355 | ||
| 040 | |c Pontificia Universidad Católica de Valparaíso | ||
| 082 | 0 | 4 | |a H861.09 |b MEN |2 21 |
| 245 | 1 | 4 | |a Los romances de América y otros estudios |
| 250 | |a 7a. ed | ||
| 260 | |a Madrid |b Espasa-Calpe |c 1972 | ||
| 300 | |a 179 p | ||
| 490 | 0 | |a Colección Austral, 55 | |
| 583 | |a last modification |c 20000901 00:00:00 |k Rodrigo Vera | ||
| 650 | 7 | |a POESIA HISPANOAMERICANA |2 CL-VaPUC |9 267889 | |
| 650 | 0 | |a Historia y crítica |9 257407 | |
| 650 | 0 | |a Literatura hispanoamericana |9 269097 | |
| 942 | |c BK |2 ddc | ||
| 945 | |d 20000901 00:00:00 |a crobeson | ||
| 952 | |0 0 |1 0 |4 0 |6 H_861_090000000000000_MEN_1972 |7 0 |8 A |9 341180 |a BIBART |b BIBART |d 2019-11-20 |i 1221000 |o H861.09 MEN 1972 |p 1221000 |r 2025-03-13 |w 2019-11-20 |y BK |k ART | ||